000 00304nam a2200121Ia 4500
008 191201s2017 xx 000 0 und d
100 _aVADHERA, S.S.
245 0 _aText Book of Electrical Technology
260 _aN. Delhi
_bBharat Pub
_c2017
300 _a336+IV
650 _aM.Tech (ECE)
942 _2ddc
_cBK
999 _c227
_d227